Statistics for UEFA Champions League Last Ten Winners

Click here to take the quiz!

General Stats

  • This quiz has been taken 71 times
    (37 since last reset)
  • The average score is 18 of 20

Answer Stats

Answer% Correct
Manchester City
100%
Real Madrid
100%
Chelsea
97%
Inter Milan
97%
Liverpool
97%
Real Madrid
97%
Real Madrid
97%
Real Madrid
97%
Bayern Munich
93%
Manchester City
93%
Liverpool
90%
Tottenham Hotspur
90%
Barcelona
87%
Juventus
87%
Paris Saint-Germain
87%
Atletico Madrid
83%
Liverpool
83%
Real Madrid
83%
Atletico Madrid
80%
Juventus
80%

Score Distribution

Percentile by Number Answered

Percent of People with Each Score

Your Score History

You have not taken this quiz since the last reset